00483nam a22001817a 450000500170000000800410001702400090005804000070006704100080007408200180008210000130010024500530011326000420016630000120020836500550022044000180027565000080029320241206151659.0241206b ||||| |||| 00| 0 eng d 2B-15 cAL aeng 223a345bBARB aBare Act aBanning of Unregulated Deposit Schemes Act, 2019 aNew DelhibUniversal LexisNexisc2024 aii,36p. 2Lawa1060b69.35c₹d95.00e27%f1060/28-11-2024 aBare Act 2024 2Law